000 00719nam a22002537a 4500
005 20170124110236.0
010 _aA-895128
020 _c00.00
035 _aA-895128
037 _bCen Lib/Ret
040 _aDPL
_bEN
082 _a595.7
_bTEM
100 _aTembhare, D.B.
_941948
245 _aModern entomology /
_cby D.B. Tembhare
260 _aMumbai
_bHimalaya Publishing House
_c1997
270 _aRamdoot,Dr.Bhalerao Marg Girgaon
_bMumbai
_e400004
300 _a623p. :
_c24cm(Hb)
_bill.
500 _aIncludes bibliographical reference and index
650 _aEntomology
_941949
650 _aInsects
_920516
700 _920476
700 _91186
942 _2ddc
_cEN
_h595.7
_mTEM
999 _c134845
_d134845